Hírek Wekerle miniszterelnök szegedi képviselőségéről és Rósa Izsó lemondásáról Dr. Rósa Izsó nyilatkozata
Elmentve itt :
| Dokumentumtípus: | Cikk |
|---|---|
| Megjelent: |
1917-09-14
|
| Sorozat: | Délmagyarország
6 No. 213 |
| Kulcsszavak: | Wekerle Sándor miniszterelnök, Rósa Izsó, Politikai élet Magyarország |
| Online Access: | http://dmarchiv.bibl.u-szeged.hu/43761 |
| LEADER | 00555nab a2200145 i 4500 | ||
|---|---|---|---|
| 001 | delm43761 | ||
| 005 | 20180927131946.0 | ||
| 008 | 180927s1917 hu o 0|| hun d | ||
| 040 | |a SZTE Délmagyarország Archívum |b hun | ||
| 041 | |a hun | ||
| 245 | 0 | 0 | |a Hírek Wekerle miniszterelnök szegedi képviselőségéről és Rósa Izsó lemondásáról |h [elektronikus dokumentum] : |b Dr. Rósa Izsó nyilatkozata |
| 260 | |c 1917-09-14 | ||
| 300 | |a 3 | ||
| 490 | 0 | |a Délmagyarország |v 6 No. 213 | |
| 695 | |a Wekerle Sándor miniszterelnök, Rósa Izsó, Politikai élet Magyarország | ||